| 000 | 00547nam a2200181 a 4500 | ||
|---|---|---|---|
| 001 | 2954 | ||
| 003 | CDMR | ||
| 005 | 20131024111541.0 | ||
| 008 | 130130s1969||||||||||||||||||||||||||||d | ||
| 040 |
_aCDMR _bcat _cCDMR |
||
| 100 | 1 |
_aPawley, Edward Lewis Ellman _92174 |
|
| 245 | 1 | 0 |
_aNormas de seguridad aplicables al personal de los organismos de radiodifusión y televisión _cE.L.E. Pawley |
| 260 |
_aMadrid _c1969 _bTVE |
||
| 300 |
_a140 p ; _c21 cm |
||
| 490 | 0 |
_aColección Eco _v3 |
|
| 500 | _aMonografía técnica de la UER. | ||
| 942 |
_cMON _2udc |
||
| 999 |
_c2954 _d2954 |
||